00959nam a2200265 a 4500003000900000005001700009008004100026020001800067040001300085100002600098245009700124260003700221300001500258490004300273500014000316650002700456650003500483650003000518650003200548650001600580650002300596650002400619650003100643653001900674AR-BaBNM20251128204723.0082120s2002 ||||||||||||||000 | spa|| a84-87767-10-9 cAR-BaBNM1 aCampos Romero, Josefa00aYo juego, ¿y tú?bmétodo de lectoescritura para niños con dificultades de aprendizaje aMálagabEdiciones Aljibec1993 a81 p.bil. 0aTeoría y práctica educativasvv. 2 aIncluye fichas de completamiento, fichas de rodear sílabas, fichas de palabras y sílabas, fichas de lectura y fichas de actividades 4aMETODOS DE ENSEÑANZA 4aDIFICULTADES EN EL APRENDIZAJE 4aENSEÑANZA DE LA LECTURA 4aENSEÑANZA DE LA ESCRITURA 4aAPRENDIZAJE 4aMATERIAL DIDACTICO 4aMATERIAL DE LECTURA 4aACTIVIDADES DE APRENDIZAJE aLECTOESCRITURA